| 000 | 00383nam a2200169Ia 4500 | ||
|---|---|---|---|
| 008 | 170918s9999 xx 000 0 und d | ||
| 020 | _a9780545296410 | ||
| 050 | _bF576 2005 | ||
| 100 | _aFlake, Sharon G. | ||
| 245 | _aBang! / | ||
| 245 | _cby Sharon G. Flake. | ||
| 260 | _aNew York : | ||
| 260 | _bScholastic, | ||
| 260 | _c2005 | ||
| 300 | _a298 pages : | ||
| 500 | _a590 | ||
| 999 |
_c343950 _d343950 |
||